| 000 | 00926cam a2200217 4500 | ||
|---|---|---|---|
| 008 | 031103n2003 000 0 eng u | ||
| 020 | _a9058093255 | ||
| 035 | _a(Sirsi) u124217 | ||
| 041 | _aeng | ||
| 050 |
_a658.404 _c18 |
||
| 100 | _aCarmichael, David G. | ||
| 245 | _aProject management framework | ||
| 260 |
_aLisse _bBalkema _c2003 |
||
| 300 |
_axiii, 284p. _c25cm. |
||
| 350 | _a70 | ||
| 520 | _aAimed at students and practititioners, this text covers the framework of project management. Examines the fundamentals of projects and management and follows the chronological development of the project life cycle. Takes a systems view of project management and aims to counter the many misconceptions that exist among project management writers and practitioners. Case studies. Bibliography. | ||
| 650 | _aPROJECT LIFE CYCLE | ||
| 650 | _aPROJECT PLANNING | ||
| 690 |
_aProject management _96261 |
||
| 942 | _n0 | ||
| 999 |
_c103176 _d103176 |
||